000 00393cam a22001337a 4500
008 180718b1972 xxu||||| |||| 00| 0 eng d
082 _aI5 G835
100 _aGreene, Sam T.
245 _aParables for men of management
_cby Sam T. Greene
260 _aAllahabad
_bBetter Yorself Books
_c1972
300 _a128p.
650 _aManagement --Anecdotes, facetiae, satire, etc
650 _aAnecdotes
999 _c476718
_d476718